000 00691nam a2200181Ia 4500
008 090123s9999 xx 000 0 und d
082 _b3555
_a891.463/बोरकर
100 _aबोरकर लक्ष्मीदास
245 _aप्रीत फुलली नभांतरी
250 _a1
260 _bरामकृष्णा प्रि.प्रेस
_c1974
300 _a276
600 _aबोरकर लक्ष्मीदास
630 _aप्रीत फुलली नभांतरी
700 _aबोरकर लक्ष्मीदास
730 _aप्रीत फुलली नभांतरी
942 _cBOOK
999 _c41635
_d41635